000 00477nam a2200181Ia 4500
001 23280
005 20260414150927.0
008 260414t2018||||xx |||||||||||||| ||spa||
041 _aESP
082 _a628.162076
_bM63
100 _aMiranda Carreño, Rubén
_eAUT
245 0 _aTratamiento de aguas :
_bejercicios resueltos y prácticas de laboratorio
260 _c2018
300 _a396 páginas :
_c24 cm.
650 _a0
654 _aCIC
942 _cLIB
_dJUS
_fJUS
_2ddc
_n
999 _c23280
_d23280